000 00629nam a22001697a 4500
003 OSt
008 220617b |||||||| |||| 00| 0 eng d
020 _a9789390591312
082 _a630.954
_bRAt/NE
100 _aRathore, Narendra Singh
_95205
100 _aPanwar, N L
245 _aNew engineering technologies for modern farming
260 _aNew Delhi
_bNew India Publishing Agency
_c2021
300 _a163
505 _a Agricultural innovations -- India. Agricultural machinery -- India. Agriculture -- Innovations -- Inde. Machines agricoles -- Inde. Agricultural innovations. Agricultural machinery.
942 _cBK
999 _c17519
_d17519